Disenchanted unionist (Record no. 434940)

000 -LEADER
fixed length control field 00319cam a22001217a 4500
008 - FIXED-LENGTH DATA ELEMENTS--GENERAL INFORMATION
fixed length control field 180718b1963 xxu||||| |||| 00| 0 eng d
082 ## - DEWEY DECIMAL CLASSIFICATION NUMBER
Classification number R8x73 Su59
100 ## - MAIN ENTRY--PERSONAL NAME
Personal name Sultan, Paul E.
245 ## - TITLE STATEMENT
Title Disenchanted unionist
Statement of responsibility, etc. by Paul E. Sultan
260 ## - PUBLICATION, DISTRIBUTION, ETC.
Place of publication, distribution, etc. New York
Name of publisher, distributor, etc. Harper
Date of publication, distribution, etc. 1963
300 ## - PHYSICAL DESCRIPTION
Extent 272p.
650 ## - SUBJECT ADDED ENTRY--TOPICAL TERM
Topical term or geographic name entry element Former Unionists
Holdings
Withdrawn status Lost status Damaged status Not for loan Permanent Location Current Location Date acquired Full call number Barcode Date last seen Price effective from Koha item type
        Indian Institute of Public Administration Indian Institute of Public Administration 2010-02-19 R8x73 Su59 35229 2018-07-21 2018-07-21 Book

Powered by Koha